Statistics for Χώρες που τελειώνουν σε -σταν

Click here to take the quiz!

General Stats

  • This quiz has been taken 371 times
  • The average score is 5 of 6

Answer Stats

Χώρα% Correct
Πακιστάν
89%
Τουρκμενιστάν
81%
Αφγανιστάν
80%
Καζαχστάν
79%
Ουζμπεκιστάν
78%
Τατζικιστάν
75%

Score Distribution

Percentile by Number Answered

Percent of People with Each Score

Your Score History

You have not taken this quiz